000 00588nam a2200181Ia 4500
008 090124s9999 xx 000 0 und d
082 _b26077
100 _aसरदेसाई गो. बा.
245 _a प्रवाही सुवर्ण
250 _a1
260 _bप्रसाद प्रकाशन
_c1987
300 _a108
600 _aसरदेसाई गो. बा.
630 _a प्रवाही सुवर्ण
700 _aसरदेसाई गो. बा.
730 _a प्रवाही सुवर्ण
942 _cBOOK
999 _c93945
_d93945